| 000 | 00561nam a2200205 4500 | ||
|---|---|---|---|
| 003 | LK-CoMWRAF | ||
| 005 | 20231122150620.0 | ||
| 008 | 231122b |||||||| |||| 00| 0 eng d | ||
| 020 | _a9789558415979 | ||
| 040 |
_aLK-CoMWRAF _dLK-CoMWRAF _eLK-CoMWRAF |
||
| 041 | _aeng | ||
| 082 |
_a823 _bWIC |
||
| 100 | _aWickramasinghe, Martin | ||
| 245 | _aUprooted = ගමිපෙරළිය | ||
| 260 |
_aRajagiriya : _bSarasa (PVT) Limmited _c2014 |
||
| 300 | _a222p | ||
| 650 | _aEnglish Fiction--Sri Lankan | ||
| 700 |
_aDe Silva, Lakshmi _eills. |
||
| 942 | _cBK | ||
| 999 |
_c4218 _d4218 |
||